00434nam a2200169 a 45000010005000000030009000050080041000140200015000550400028000700820017000981000026001152450041001412600035001823000009002174900015002266500023002415570CO-ViMGA141112s2004 ck r 000 u spa d a9507244557 aCO-ViMGAbspacCO-ViMGA04a793.73 F747d1 aFritzen, Silvino Jose10aDinámicas de recreación y juegos aBuenos Aires : bLumen, c1995 a94 p aDiálogos14aJUEGOS RECREATIVOS